| 000 | 00773cam a22002653a 4500 | ||
|---|---|---|---|
| 001 | 21546 | ||
| 003 | PGUSA | ||
| 005 | 20140828083447.0 | ||
| 008 | 070521s2007||||xxu|||||s|||||000 1 eng d | ||
| 040 |
_aPGUSA _beng |
||
| 042 | _adc | ||
| 050 | 4 | _aPZ | |
| 100 | 1 | _aBarnum, Richard | |
| 245 | 1 | 0 |
_aNero, the Circus Lion : _bHis Many Adventures _h[electronic resource] / _cRichard Barnum |
| 260 |
_bProject Gutenberg, _c2007 |
||
| 506 | _aPublic domain in the USA. | ||
| 516 | _aElectronic text | ||
| 653 | _aCircus -- Juvenile fiction | ||
| 653 | _aLion -- Juvenile fiction | ||
| 653 | _aAnimals -- Juvenile fiction | ||
| 700 | 1 |
_aRogers, Walter S., _d1871- |
|
| 830 | 0 |
_aProject Gutenberg _v21546 |
|
| 856 | 4 | 0 | _uhttp://www.gutenberg.org/ebooks/21546 |
| 942 | _cEB | ||
| 999 |
_c250801 _d250801 |
||